PERTUR CUSCO 2019-2025 - Plan Estratégico Regional de Turismo (Record no. 23329)

000 -CABECERA
fixed length control field 01058nam a22002777i 4500
003 - IDENTIFICADOR DEL NÚMERO DE CONTROL
control field AR-CdUCM
008 - DATOS DE LONGITUD FIJA--INFORMACIÓN GENERAL
fixed length control field 250722b20192019 pe||||| |||| 00| 0 spa d
040 ## - FUENTE DE LA CATALOGACIÓN
Agencia/entidad que catalogó originalmente la obra MUNICIPALIDAD PROVINCIAL DEL CUSCO
Entidad que transcribió la catalogación BIBLIOTECA MUNICIPAL DEL CUSCO
082 ## - NÚMERO DE LA CLASIFICACIÓN DECIMAL DEWEY
No. de Clasificación 353.597 / G55
Notacion interna G55
100 ## - ENTRADA PRINCIPAL--NOMBRE DE PERSONA
Nombre Personal
110 ## - ENTRADA PRINCIPAL--NOMBRE DE ENTIDAD CORPORATIVA
Nombre de la institución, jurisdicción como entrada principal Gobierno Regional del Cusco
9 (RLIN) 9437
245 ## - MENCIÓN DE TÍTULO
Título PERTUR CUSCO 2019-2025 - Plan Estratégico Regional de Turismo
300 ## - DESCRIPCIÓN FÍSICA
Nº de Páginas Extensión 354 páginas. :
Otros detalles físicos Ilustraciones
Dimensiones 33x21 cm.
505 ## - NOTA DE CONTENIDO CON FORMATO
Nota de contenido formateada Diagnostico del Turismo en la Regíon -- Análisis de la demanda -- Análisis del producto turístico -- Facilidades para el turismo -- Promoción y comercialización -- Análisis Prospectivo -- Formulación del plan de acción
650 ## - PUNTO DE ACCESO ADICIONAL DE MATERIA--TÉRMINO DE MATERIA
Descriptor Turismo
9 (RLIN) 51259
650 ## - PUNTO DE ACCESO ADICIONAL DE MATERIA--TÉRMINO DE MATERIA
Descriptor Demanda
9 (RLIN) 4621
650 ## - PUNTO DE ACCESO ADICIONAL DE MATERIA--TÉRMINO DE MATERIA
Descriptor Producto turístico
9 (RLIN) 51260
650 ## - PUNTO DE ACCESO ADICIONAL DE MATERIA--TÉRMINO DE MATERIA
Descriptor Competencia
9 (RLIN) 8954
650 ## - PUNTO DE ACCESO ADICIONAL DE MATERIA--TÉRMINO DE MATERIA
Descriptor Variables
9 (RLIN) 6327
650 ## - PUNTO DE ACCESO ADICIONAL DE MATERIA--TÉRMINO DE MATERIA
Descriptor Tendencias
9 (RLIN) 2317
650 ## - PUNTO DE ACCESO ADICIONAL DE MATERIA--TÉRMINO DE MATERIA
Descriptor Estrategias
9 (RLIN) 13946
856 ## - LOCALIZACIÓN Y ACCESO ELECTRÓNICOS
Dirección electrónica www.mincetur.gob.pe
942 ## - ELEMENTOS DE PUNTO DE ACCESO ADICIONAL (KOHA)
Fuente de clasificación
Tipo de item Libros-BMC
945 ## - PROCESAMIENTO DE INFORMACIÓN LOCAL (OCLC)
Catalogador pbjr
AAAA-MM-DD - Fecha de ingreso o modificacion 22-07-2025
Holdings
Estado de retiro (separado) Fuente de clasificación o esquema de estanterías Estado dañado Ubicación Sala donde se ubica Nombre de la colección Fecha de adquisición o compra Fuente de adquisición Costo, precio normal en soles Signatura topográfica Código de Barras Última vez visto (Koha) Tipo de ítem (Koha)
No     Sala Humanidades Sala Humanidades Book Cart 2025-07-22 Donación 30.00 353.597 / G55 SH0000016939 2025-07-22 Libros-BMC

Powered by Koha